000 00419nam a2200157Ia 4500
008 151213s9999 xx 000 0 und d
100 _aWilliam Walls & Others.
245 _aAdvertising Principles Practices
_cWilliam Walls & Others.
250 _a4th
260 _aNew Jersey
_bPrentice hall
300 _a1468 p.
650 _aMarketing
650 _aMarketing
700 _aWilliam Walls & Others.
999 _c1138
_d1138